000 01157nam0a22002651 4500
001 rc\2946691
005 20250810063505.0
035 _a(NLR Aleph) 007206216
090 _a7654909
_c7654909
100 _a20040917d1943 u y0rusy50 ca
101 0 _arus
102 _aRU
105 _aa z ||||y
200 1 _aШумовое сопровождение спектакля
_iГудки пароходные, паровозные и фабрично-заводские
_fВ.А. Попов
_gСцен. эксперим. лаборатория при МХАТ СССР им. Горького
210 _aМосква
_cСцен. эксперим. лаборатория при МХАТ СССР им. Горького
_d1943
215 _aБез обл.
_cил., черт.
_d17 см
700 1 _aПопов
_bВ. А.
_cактёр
_f1889-1968
_gВладимир Александрович
_9228673
_3RU\NLR\AUTH\770228729
801 0 _aRU
_bNLR
_gpsbo
801 1 _aRU
_bELAR
_2rusmarc
852 _aNLR
_jИс70 Г-2/55
942 _cBOOK
945 _aРоссийская национальная библиотека
980 _aNB
980 _aBV